| 000 | 00389nam a2200157 i 4500 | ||
|---|---|---|---|
| 001 | bg | ||
| 100 | 1 | _aNEUBAUER, Alfred | |
| 245 | 0 |
_aChemistry today : _bthe portrait of a science / _cAlfred Neubauer. |
|
| 260 |
_aLeipzig : _bEdition Leipzig, _c1982. |
||
| 650 | 9 | _aChemia | |
| 040 | _cBPK | ||
| 041 | _apol | ||
| 080 | _a54 | ||
| 942 | _cKS | ||
| 008 | s pl f |000 0 pol | ||
| 999 |
_c22740 _d22740 |
||
| 856 |
_uhttp://koha.tu.koszalin.pl/cgi-bin/koha/opac-detail.pl?biblionumber=22740 _yKatalog online BPK |
||